Sipp-licity itself (Record no. 79004)
[ view plain ]
| 000 -LEADER | |
|---|---|
| fixed length control field | 01113cab a22001935a 4500 |
| 001 - CONTROL NUMBER | |
| control field | L138824 |
| 008 - FIXED-LENGTH DATA ELEMENTS--GENERAL INFORMATION | |
| fixed length control field | 070713s2007 xxk f s 000 0 eng d |
| 035 ## - SYSTEM CONTROL NUMBER | |
| System control number | (Sirsi) u138824 |
| 041 0# - LANGUAGE CODE | |
| Language code of text/sound track or separate title | eng |
| 100 1# - MAIN ENTRY--PERSONAL NAME | |
| Personal name | Anderson, Richard |
| 245 00 - TITLE STATEMENT | |
| Title | Sipp-licity itself |
| 260 ## - PUBLICATION, DISTRIBUTION, ETC. | |
| Date of publication, distribution, etc. | 2007 |
| 490 ## - SERIES STATEMENT | |
| Series statement | Investors Chronicle Moneyplanner |
| Volume/sequential designation | July 2007, 3-5(3) |
| 520 ## - SUMMARY, ETC. | |
| Summary, etc. | Describes the different types of Self-Invested Personal Pensions (SIPPs) available. Argues that while many investors and advisors are apparently confused by SIPPs, the rules applying to them are actually simple. The source of confusion could be the sheer number of products available. Execution-only SIPPs are low-cost, and while they do not offer a full range of portfolio freedom, they offer much wider choice than standard personal pensions. Life company SIPPs offer good deals on in-house funds, but are a little outdated and can result in average returns. Full SIPPs offer the greatest investment choice, but charges are high. |
| 590 ## - LOCAL NOTE (RLIN) | |
| Local note | KA |
| 651 #4 - SUBJECT ADDED ENTRY--GEOGRAPHIC NAME | |
| Geographic name | United Kingdom |
| Chronological subdivision | |
| 690 ## - LOCAL SUBJECT ADDED ENTRY--TOPICAL TERM (OCLC, RLIN) | |
| Topical term or geographic name as entry element | PROPERTY-PROPERTY FINANCE AND INVESTMENT |
| 942 ## - ADDED ENTRY ELEMENTS (KOHA) | |
| Suppress in OPAC | 0 |
| Withdrawn status | Lost status | Source of classification or shelving scheme | Damaged status | Not for loan | Home library | Current library | Shelving location | Date acquired | Total Checkouts | Full call number | Barcode | Date last seen | Copy number | Price effective from | Koha item type |
|---|---|---|---|---|---|---|---|---|---|---|---|---|---|---|---|
| Dewey Decimal Classification | London | London | Journal article | 13/07/2007 | L138824 | 138824-1001 | 06/08/2019 | 1 | 06/08/2019 | Journal article |